Southville International School and Colleges
Your cart is empty.
  • Cart
  • Lists
    Public lists Eva Luna New books Lux_list list_1
    Your lists Log in to create your own lists
  • Log in to your account
  • Your cookies
  • Search history
Southville International School and Colleges
  • Advanced search
  • Recent comments
  • Most popular
  • Libraries

Log in to your account

Log in with GOOGLE


If you do not have an external account, but do have a local account, you can still log in:

  1. Home
  2. MARC view: How things are made /
Normal view MARC view ISBD view

How things are made / (Record no. 110263)

[ view plain ]
MARC details
000 -LEADER
fixed length control field 00513nam a2200181 a 4500
001 - CONTROL NUMBER
control field 1877
005 - DATE AND TIME OF LATEST TRANSACTION
control field 20140414131852.0
008 - FIXED-LENGTH DATA ELEMENTS--GENERAL INFORMATION
fixed length control field 010727s19uu xx 00 eng d
020 ## - INTERNATIONAL STANDARD BOOK NUMBER
International Standard Book Number 1-85993-035-2
050 ## - LIBRARY OF CONGRESS CALL NUMBER
Classification number M 621.032
Item number L162 1994
100 ## - MAIN ENTRY--PERSONAL NAME
Personal name Lafferty, Peter
245 ## - TITLE STATEMENT
Title How things are made /
Statement of responsibility, etc Peter Lafferty ; illustrated by Jeremy Gower & Mainline Design.
260 ## - PUBLICATION, DISTRIBUTION, ETC. (IMPRINT)
Place of publication, distribution, etc Italy :
Name of publisher, distributor, etc Zigzag Pub.,
Date of publication, distribution, etc 1994.
300 ## - PHYSICAL DESCRIPTION
Extent 32p. : ill. ; cm.
650 ## - SUBJECT ADDED ENTRY--TOPICAL TERM
Topical term or geographic name as entry element Science.
650 ## - SUBJECT ADDED ENTRY--TOPICAL TERM
Topical term or geographic name as entry element Technology.
Holdings
Withdrawn status Lost status Damaged status Use restrictions Home library Current library Shelving location Date acquired Source of acquisition Total Checkouts Full call number Barcode Date last seen Price effective from Koha item type
        Munich Library Munich Library Main Section 12/29/2004     M 621.032 L162 1994 M0604 04/14/2014 04/14/2014 Books

How things are made /

APA

Lafferty P., . (1994). How things are made. Italy: Zigzag Pub.

Chicago

Lafferty Peter, . 1994. How things are made. Italy: Zigzag Pub.

Harvard

Lafferty P., . (1994). How things are made. Italy: Zigzag Pub.

MLA

Lafferty Peter, . How things are made. Italy: Zigzag Pub. 1994.

  • Place hold
  • Print
  • Cite
  • Add to your cart (remove)
  • Save record
    BIBTEX Dublin Core MARCXML MARC (non-Unicode/MARC-8) MARC (Unicode/UTF-8) MARC (Unicode/UTF-8, Standard) MODS (XML) RIS
  • More searches
    Search for this title in:
    Other Libraries (WorldCat) Other Databases (Google Scholar) Online Stores (Bookfinder.com) Open Library (openlibrary.org)

Exporting to Dublin Core...

SOUTHVILLE LIBRARY

Southville International School and Colleges Library

1281 Tropical Ave. Cor. Luxembourg St., BF Homes International, Las Pinas City

Tel. No. 8256374 / 252358 Loc. 117/146

Powered by Koha